Muerte entre la abundancia: los paisajes como sistemas de reproducción social /

שמור ב:
מידע ביבליוגרפי
מחבר ראשי: Mitchell, Don
פורמט: Texto
תגים: הוספת תג
אין תגיות, היה/י הראשונ/ה לתייג את הרשומה!

MARC

LEADER 00000 a a2200000 04500
001 45851
003
040
100 |a Mitchell, Don  
245 |a Muerte entre la abundancia:   |b los paisajes como sistemas de reproducción social /  |c Don Mitchell  
773 |g páginas 85-110  
999 |c 20387  |d 20387